| 000 | 01359nam a2200349Ia 4500 | ||
|---|---|---|---|
| 001 | ebr10538740 | ||
| 003 | CaPaEBR | ||
| 006 | m u | ||
| 007 | cr cn||||||||| | ||
| 008 | 120103s2012 njua sb 001 0 eng d | ||
| 010 | _z 2011050806 | ||
| 020 | _z9781118077023 | ||
| 020 | _z9781118222683 | ||
| 040 |
_aCaPaEBR _cCaPaEBR |
||
| 035 | _a(OCoLC)770696961 | ||
| 050 | 1 | 4 |
_aHV41.2 _b.D38 2012eb |
| 082 | 0 | 4 |
_a658.15/224 _223 |
| 100 | 1 |
_aDavis, Emily, _d1978- |
|
| 245 | 1 | 0 |
_aFundraising and the next generation _h[electronic resource] : _btools for engaging the next generation of philanthropists / _cEmily Davis. |
| 260 |
_aHoboken, N.J. : _bJohn Wiley & Sons, _cc2012. |
||
| 300 |
_axv, 304 p. : _bill. |
||
| 490 | 1 | _aThe AFP fund development series | |
| 504 | _aIncludes bibliographical references and index. | ||
| 533 |
_aElectronic reproduction. _bPalo Alto, Calif. : _cebrary, _d2013. _nAvailable via World Wide Web. _nAccess may be limited to ebrary affiliated libraries. |
||
| 650 | 0 | _aFund raising. | |
| 650 | 0 |
_aNonprofit organizations _xManagement. |
|
| 650 | 0 | _aYoung adults. | |
| 655 | 7 |
_aElectronic books. _2local |
|
| 710 | 2 | _aebrary, Inc. | |
| 830 | 0 | _aAFP fund development series. | |
| 856 | 4 | 0 |
_uhttp://site.ebrary.com/lib/rucke/Doc?id=10538740 _zAn electronic book accessible through the World Wide Web; click to view |
| 999 |
_c133932 _d133932 |
||